000 00267 a2200145 4500
001 170864
020 _a
040 _cMagnum
100 _aMyers, Bill
240 1 0 _aO portal
_lpor
245 1 0 _aO portal
362 0 _a1899
697 _aJ/AVENTURA
942 _cBK
999 _c170864
_d170864